Compendio de disposiciones sobre Comercio Exterior 2017

Bibliographic Details
Format: eBook
Language:Spanish
Published: Mx̌ico DF: Ediciones Fiscales ISEF, 2017
Subjects:
Online Access:Acceso restringido

MARC

LEADER 00000nam a22000007a 4500
005 20170530231038.0
007 cr|||| ||||
008 170530s2017 mx |||||s|||| 00||0 spa d
020 |a 978-607-406-877-1 
035 |a 20307 
040 |a vLex 
090 |c 6736  |d 6736 
245 0 0 |a Compendio de disposiciones sobre Comercio Exterior 2017  |h [Recurso electrn̤ico] / 
256 |a Servicio en ln̕ea 
260 |a Mx̌ico DF:  |b Ediciones Fiscales ISEF,  |c 2017 
300 |a 1 recurso electrn̤ico 
506 1 |a Disponible solo en los productos indicados  |d vLex Global  |d vLex Global (Academic Edition, excluding Law Schools)  |d vLex Global (U.S. Academic Edition, Law Schools)  |d vLex Global (U.S. Academic Edition, excluding Law Schools)  |d vLex Global (Academic Edition, Law Schools) 
650 0 4 |a Derecho Mercantil y de la Empresa  |z Mx̌ico 
650 0 4 |a Comercio  |z Mx̌ico 
740 0 |a vLex Libros (Servicio en ln̕ea) 
856 4 0 |u http://vlex.com/source/compendio-de-disposiciones-sobre-comercio-exterior-2017-20307  |z Acceso restringido 
942 |c BOOK 
999 0 |a Commercial and Company Law 
999 0 |a Trade